000
00209nam a22000857a 4500
008
161201b xxu||||| |||| 00| 0 eng d
100
_9
1676
_a
Asian Publication
245
_a
Explore-G.K.
260
_a
New Delhi
_b
Asian
999
_c
4386
_d
4386